000 00847nam a2200253Ia 4500
003 OSt
005 20220923211555.0
006 a|||||r|||| 00| 0
007 ta
008 Pun
020 _a9789385670060 (hbk)
_c200
024 _a289,983
037 _b1015, 09/03/2016, H.K. Prakashan
_cTextual
040 _aARTS
_cARTS
_bPun
041 _2Pun
_aPun
082 _aO153:gN, Q6
100 _aਹਰਪ੍ਰੀਤ ਕੌਰ
245 0 _aਮੱਧ ਕਾਲੀਨ ਅਤੇ ਆਧੁਨਿਕ ਪੰਜਾਬੀ ਸਾਹਿਤ ਮੁਲਾਂਕਣ
260 _aਪਟਿਆਲਾ
_b ਗ੍ਰੇFਿਅਸ
_c2016
300 _a148ਪੰ
_ccm.
650 _aਪੰਜਾਬੀ ਸਾਹਿਤ
942 _hO153:gN, Q6
_cTEXL
_2CC
999 _c300910
_d300910